[Event "FRA-ch Blitz"]
[Site "Asnieres sur Seine"]
[Date "2023.06.24"]
[Round "9"]
[White "Viers, Emmanuel"]
[Black "Tregubov, Pavel V"]
[Result "0-1"]
[WhiteElo "2056"]
[BlackElo "2553"]
[PlyCount "70"]
[EventDate "2023.06.24"]
[EventType "swiss (blitz)"]
[EventRounds "13"]
[EventCountry "FRA"]
[SourceTitle "CBM 214 Extra"]
[Source "ChessBase"]
[SourceDate "2023.07.31"]
[SourceVersion "1"]
[SourceVersionDate "2023.07.31"]
[SourceQuality "1"]

1. d4 Nf6 2. Nc3 d5 3. Nf3 Bf5 4. Ne5 e6 5. e3 h6 6. Bd3 Bxd3 7. Nxd3 Nbd7 8. 0-0 c5 9. b3 cxd4 10. exd4 a6 11. Bf4 Be7 12. Ne5 0-0 13. Na4 Rc8 14. Nb2 Nxe5 15. Bxe5 b5 16. Nd3 Ne4 17. b4 Rc4 18. a3 f6 19. Bf4 Rxd4 20. Be3 Rc4 21. f3 Nc3 22. Qe1 d4 23. Bd2 e5 24. Kh1 Bd6 25. Rc1 Qd7 26. Nf2 Rfc8 27. Ng4 h5 28. Nf2 Qf5 29. Bxc3 Rxc3 30. Ne4 R3c6 31. Qe2 Bf8 32. g4 Qf4 33. gxh5 f5 34. Ng3 Rc3 35. Rf2 Qxc1+ 0-1

[Event "Paris Universities-ch"]
[Site "Paris"]
[Date "2019.02.03"]
[Round "8"]
[White "Viers, Emmanuel"]
[Black "Eden, James"]
[Result "0-1"]
[WhiteElo "2199"]
[BlackElo "2338"]
[PlyCount "50"]
[EventDate "2019.02.01"]
[EventType "swiss"]
[EventRounds "9"]
[EventCountry "FRA"]
[SourceTitle "CBM 188 Extra"]
[Source "ChessBase"]
[SourceDate "2019.02.26"]
[SourceVersion "1"]
[SourceVersionDate "2019.02.26"]
[SourceQuality "1"]

1. d4 d5 2. Nc3 Nf6 3. Nf3 Bf5 4. Ne5 e6 5. e3 Nbd7 6. g4 Nxe5 7. gxf5 Nc6 8. fxe6 fxe6 9. Rg1 Qd7 10. Bh3 0-0-0 11. Qe2 Bd6 12. f3 Kb8 13. Bd2 Qe7 14. f4 h6 15. Bf1 g5 16. fxg5 hxg5 17. h3 e5 18. dxe5 Nxe5 19. Rxg5 Ne4 20. Nxe4 dxe4 21. Rxe5 Qh4+ 22. Kd1 Bxe5 23. c3 Rhf8 24. Qb5 Qf2 25. Be2 Qxe3 0-1

[Event "Paris Universities-ch"]
[Site "Paris"]
[Date "2019.02.02"]
[Round "5"]
[White "Viers, Emmanuel"]
[Black "Defromont, Benjamin"]
[Result "1-0"]
[WhiteElo "2199"]
[BlackElo "2113"]
[PlyCount "83"]
[EventDate "2019.02.01"]
[EventType "swiss"]
[EventRounds "9"]
[EventCountry "FRA"]
[SourceTitle "CBM 188 Extra"]
[Source "ChessBase"]
[SourceDate "2019.02.26"]
[SourceVersion "1"]
[SourceVersionDate "2019.02.26"]
[SourceQuality "1"]

1. d4 Nf6 2. Nc3 d5 3. Nf3 c5 4. dxc5 Nc6 5. Bf4 e6 6. e4 Bxc5 7. exd5 exd5 8. Be2 0-0 9. 0-0 Be6 10. h3 Qd7 11. Ne5 Qe7 12. Bf3 Rfd8 13. Re1 Nxe5 14. Bxe5 Ne4 15. Bd4 Nxc3 16. bxc3 Rac8 17. Bg4 Bxd4 18. cxd4 Bxg4 19. Qxg4 Qf6 20. Re2 Qg6 21. Qh4 h6 22. Rae1 Rd7 23. Re7 Rxe7 24. Qxe7 Qc6 25. Re2 a6 26. Qb4 b5 27. Qa3 Qc4 28. Rd2 b4 29. Qe3 Qc3 30. Qf4 a5 31. Re2 Qc7 32. Re8+ Kh7 33. Qf5+ g6 34. Qxc8 Qf4 35. Rh8+ Kg7 36. Qf8+ Kf6 37. Qd8+ Kg7 38. Rg8+ Kh7 39. Qb8 Qxd4 40. Re8 Qd1+ 41. Kh2 Qxc2 42. Qe5 1-0

[Event "Avoine op 33rd"]
[Site "Avoine"]
[Date "2018.07.25"]
[Round "5"]
[White "Viers, Emmanuel"]
[Black "Dubois, Thomas"]
[Result "1-0"]
[WhiteElo "2126"]
[BlackElo "1895"]
[PlyCount "41"]
[EventDate "2018.07.21"]
[EventType "swiss"]
[EventRounds "9"]
[EventCountry "FRA"]
[SourceTitle "CBM 185 Extra"]
[Source "ChessBase"]
[SourceDate "2018.07.29"]
[SourceVersion "1"]
[SourceVersionDate "2018.07.29"]
[SourceQuality "1"]

1. d4 f5 2. h3 d6 3. c4 Nf6 4. Nc3 g6 5. Nf3 Bg7 6. e3 0-0 7. Bd3 a6 8. 0-0 Qe8 9. e4 e5 10. dxe5 dxe5 11. Qc2 f4 12. Nd5 Nxd5 13. cxd5 c6 14. Bc4 Kh8 15. b4 g5 16. Nxg5 Qh5 17. Ne6 f3 18. Qd3 cxd5 19. Nxf8 dxc4 20. Qd8 Nc6 21. Ng6# 1-0

[Event "FRA-ch U26"]
[Site "Strasbourg"]
[Date "2017.01.21"]
[Round "2"]
[White "Thomas, Anysia"]
[Black "Viers, Emmanuel"]
[Result "1-0"]
[WhiteElo "2088"]
[BlackElo "2105"]
[PlyCount "83"]
[EventDate "2017.01.21"]
[EventType "swiss"]
[EventRounds "11"]
[EventCountry "FRA"]
[SourceTitle "EXT 2018"]
[Source "ChessBase"]
[SourceDate "2017.10.13"]
[SourceVersion "1"]
[SourceVersionDate "2017.10.13"]
[SourceQuality "1"]

1. d4 d5 2. c4 c6 3. Nf3 Nf6 4. e3 e6 5. b3 Nbd7 6. Bb2 Bb4+ 7. Nbd2 0-0 8. Bd3 Ne4 9. Qc2 f5 10. 0-0 Ndf6 11. a3 Bd6 12. Ne5 Bxe5 13. dxe5 Nxd2 14. Qxd2 Ne4 15. Qc2 Bd7 16. f3 Ng5 17. Rad1 Qb6 18. c5 Qc7 19. Rde1 Be8 20. f4 Ne4 21. Bxe4 fxe4 22. g4 Qe7 23. Bd4 Qh4 24. Qg2 Bg6 25. Re2 h5 26. h3 hxg4 27. Qxg4 Qxg4+ 28. hxg4 Kf7 29. f5 exf5 30. gxf5 Bh5 31. Rg2 Bf3 32. e6+ Ke8 33. Rg5 Rh8 34. Rxg7 Rh1+ 35. Kf2 Rh2+ 36. Kg3 Rg2+ 37. Kf4 Rxg7 38. Bxg7 Ke7 39. Ke5 Bh5 40. f6+ Ke8 41. Rh1 Kd8 42. Rxh5 1-0

[Event "Avoine op 30th"]
[Site "Avoine"]
[Date "2015.07.19"]
[Round "2"]
[White "Stephan, Victor"]
[Black "Viers, Emmanuel"]
[Result "1-0"]
[WhiteElo "2302"]
[BlackElo "2012"]
[PlyCount "131"]
[EventDate "2015.07.18"]
[EventType "swiss"]
[EventRounds "9"]
[EventCountry "FRA"]
[SourceTitle "EXT 2016"]
[Source "ChessBase"]
[SourceDate "2015.10.08"]
[SourceVersion "1"]
[SourceVersionDate "2015.10.08"]
[SourceQuality "1"]

1. d4 d5 2. c4 e6 3. Nc3 Nf6 4. cxd5 exd5 5. Bg5 Be7 6. e3 h6 7. Bh4 0-0 8. Bd3 b6 9. Nge2 c5 10. 0-0 a6 11. dxc5 bxc5 12. Bxf6 Bxf6 13. Nxd5 Bxb2 14. Rb1 Be5 15. Nb6 Ra7 16. Nxc8 Qxc8 17. Qc2 Nd7 18. Rfc1 Qc7 19. f4 Bf6 20. e4 Rb8 21. e5 Be7 22. Bc4 Nb6 23. Qb3 Bf8 24. Nc3 Rbb7 25. Ne4 Qc6 26. Qf3 Kh8 27. Rb3 Nxc4 28. Rxc4 Qd5 29. Qd3 Qxd3 30. Rxd3 Kh7 31. Kf2 Rb2+ 32. Rd2 Rab7 33. Ke3 Rxd2 34. Kxd2 Kg6 35. Kc3 Rc7 36. Ra4 Kf5 37. Nf2 Rc6 38. Nd3 f6 39. Kc4 fxe5 40. fxe5 Ke6 41. Ra3 g5 42. Rb3 Bg7 43. Rb8 h5 44. Rg8 Kf7 45. Ra8 Ke6 46. a4 Kf5 47. Rg8 Rc7 48. a5 Re7 49. Rc8 Bxe5 50. Rxc5 h4 51. Nxe5 Rxe5 52. Kd4 Rxc5 53. Kxc5 Kf4 54. Kb6 Ke3 55. Kxa6 Kf2 56. g4 Kg2 57. Kb5 Kxh2 58. a6 Kg1 59. a7 h3 60. a8Q h2 61. Qa1+ Kg2 62. Qa2+ Kg1 63. Qb1+ Kg2 64. Qe4+ Kg1 65. Qe3+ Kg2 66. Qxg5 1-0

[Event "Chateauroux op 15th"]
[Site "Chateauroux"]
[Date "2014.10.28"]
[Round "6"]
[White "Legky, Nikolay A"]
[Black "Viers, Emmanuel"]
[Result "1/2-1/2"]
[WhiteElo "2410"]
[BlackElo "2035"]
[PlyCount "86"]
[EventDate "2014.10.25"]
[EventType "swiss"]
[EventRounds "7"]
[EventCountry "FRA"]
[SourceTitle "EXT 2015"]
[Source "ChessBase"]
[SourceDate "2014.11.20"]
[SourceVersion "1"]
[SourceVersionDate "2014.11.20"]
[SourceQuality "1"]

1. d4 d5 2. c4 e6 3. Nc3 Nf6 4. cxd5 exd5 5. Bg5 Be7 6. e3 0-0 7. Bd3 c6 8. Qc2 Nbd7 9. Nf3 Re8 10. 0-0 Nf8 11. Rab1 Ng6 12. b4 a6 13. Na4 Bd6 14. Nc5 h6 15. Bxf6 Qxf6 16. Rfc1 Nh4 17. Nxh4 Qxh4 18. g3 Qe7 19. Re1 b5 20. e4 Bxc5 21. bxc5 Bh3 22. e5 Qe6 23. f4 g6 24. Kf2 h5 25. Qd2 a5 26. Re3 a4 27. Rbe1 Kg7 28. Qc2 Ra7 29. Rf3 Bf5 30. Bxf5 Qxf5 31. Qxf5 gxf5 32. h3 Re6 33. Rh1 Ra8 34. a3 Rh8 35. Ke3 Kf8 36. Kd3 Ke7 37. Kc3 Rg6 38. Re1 Rhg8 39. Ree3 Kd7 40. Kd2 Ke7 41. Ke2 Ke6 42. Rc3 Ke7 43. Rfe3 Ke6 1/2-1/2

[Event "Avoine op 29th"]
[Site "Avoine"]
[Date "2014.07.25"]
[Round "7"]
[White "Delorme, Alban"]
[Black "Viers, Emmanuel"]
[Result "1/2-1/2"]
[WhiteElo "2292"]
[BlackElo "2001"]
[PlyCount "69"]
[EventDate "2014.07.19"]
[EventType "swiss"]
[EventRounds "9"]
[EventCountry "FRA"]
[SourceTitle "CBM 161 Extra"]
[Source "ChessBase"]
[SourceDate "2014.08.29"]
[SourceVersion "1"]
[SourceVersionDate "2014.08.29"]
[SourceQuality "1"]

1. d4 e6 2. e4 d5 3. Nc3 Bb4 4. e5 Ne7 5. Qg4 Nf5 6. Bd3 h5 7. Qf4 Qh4 8. Nge2 Qxf4 9. Bxf4 Ne7 10. 0-0 Nd7 11. Nb5 Ba5 12. b4 Bb6 13. a4 a6 14. Na3 a5 15. b5 c5 16. bxc6 bxc6 17. c4 Ba6 18. Rfd1 c5 19. dxc5 Nxc5 20. Nb5 Bxb5 21. cxb5 Nxd3 22. Rxd3 Kd7 23. Be3 Bxe3 24. Rxe3 Nf5 25. Rd3 Rhc8 26. f3 Rc4 27. Kf2 Rac8 28. Rda3 Kc7 29. g3 Kb6 30. h3 Rc2 31. g4 hxg4 32. hxg4 Rh8 33. gxf5 Rh2+ 34. Kg3 Rcxe2 35. fxe6 1/2-1/2

[Event "FRA-ch U26"]
[Site "Nantes"]
[Date "2013.03.23"]
[Round "1"]
[White "Lagarde, Maxime"]
[Black "Viers, Emmanuel"]
[Result "1-0"]
[WhiteElo "2560"]
[BlackElo "2030"]
[PlyCount "59"]
[EventDate "2013.03.23"]
[EventType "swiss"]
[EventRounds "9"]
[EventCountry "FRA"]
[SourceTitle "CBM 153 Extra"]
[Source "ChessBase"]
[SourceDate "2013.04.22"]
[SourceVersion "1"]
[SourceVersionDate "2013.04.22"]
[SourceQuality "1"]

1. e4 c5 2. Nf3 Nc6 3. Bb5 g6 4. Bxc6 bxc6 5. d3 Bg7 6. Nc3 Rb8 7. 0-0 d5 8. h3 Nf6 9. Re1 0-0 10. Rb1 Qa5 11. Bf4 Rb7 12. e5 Nd7 13. Qd2 d4 14. Ne4 Qxa2 15. b3 Qa3 16. Ra1 Qb4 17. Qc1 Nb6 18. Bd2 Qb5 19. Ra5 Qxa5 20. Bxa5 Nd7 21. Bd2 Rb5 22. Bh6 f5 23. Bxg7 Kxg7 24. Ned2 Rd8 25. Nc4 Nf8 26. e6 Bxe6 27. Ng5 Kf6 28. Nxe6 Nxe6 29. Qd2 Nc7 30. Qe2 1-0

[Event "Avoine op 24th"]
[Site "Avoine"]
[Date "2009.07.25"]
[Round "8"]
[White "Viers, Emmanuel"]
[Black "Gaudron, Fanny"]
[Result "1-0"]
[WhiteElo "1783"]
[BlackElo "2043"]
[PlyCount "84"]
[EventDate "2009.07.18"]
[EventType "swiss"]
[EventRounds "9"]
[EventCountry "FRA"]
[SourceTitle "CBM 131 Extra"]
[Source "ChessBase"]
[SourceDate "2009.09.03"]
[SourceVersion "2"]
[SourceVersionDate "2009.09.16"]
[SourceQuality "1"]

1. e4 e5 2. Nf3 Nc6 3. Bc4 d6 4. 0-0 Bg4 5. Nc3 Qd7 6. d3 Nd4 7. Be3 Nxf3+ 8. gxf3 Bh3 9. Re1 Nf6 10. Kh1 h6 11. f4 exf4 12. Bxf4 g5 13. Bg3 0-0-0 14. Qf3 Bg7 15. Qe3 Kb8 16. Nb5 b6 17. f3 Nh5 18. a4 Nxg3+ 19. hxg3 Be6 20. Bxe6 Qxe6 21. Kg2 Bxb2 22. Rab1 Bf6 23. a5 c5 24. axb6 axb6 25. Na3 Kc7 26. Nc4 Rb8 27. Rb5 Rb7 28. Reb1 Rhb8 29. Qd2 Bd8 30. Qc3 Kd7 31. d4 Bc7 32. d5 Qe7 33. Qb2 g4 34. Na5 gxf3+ 35. Kxf3 Re8 36. e5 dxe5 37. Nxb7 e4+ 38. Kg2 Be5 39. Nxc5+ Kc8 40. Qa3 bxc5 41. Qa8+ Kd7 42. Qc6+ Kd8 1-0